01486nam a2200277 a 450000100100000000500170001000800410002704000250006808200200009310000290011324500510014226000690019330000200026249000700028259000260035265000280037865000310040683000740043791000390051195201330055095201330068395201330081695201180094995201240106799900170119100001471420250924073801.0100119s2008 dr 001 0 spa d aDO-SdBNPbspacBNPHU aRD861.44bV145p1 aValdez, Manuel H.93336910aPasión y venas abiertas /cManuel H. Valdez. aSanto Domingo :bUniversidad Autónoma de Santo Domingo,c2008. a56 p. ;c21 cm.1 aPublicaciones de la Universidad Autónoma de Santo Domingov1200 aInventariado, 2019/LP 0aPoesía dominicana966 0aLiteratura dominicana.967 aPublicaciones de la Universidad Autónoma de Santo Domingov1200952 aValidado. Control de calidad BNPHU 001054708DSaGRbGRcHDd2010-01-19iLF1l0oRD861.44 V145pp14714-30r2020-06-25te. 3w2020-06-25yLFDSZPréstamo en sala 001054708DSaGRbGRcHDd2010-12-06iLF1l0oRD861.44 V145pp14714-40r2020-06-25te. 4w2020-06-25yLFDSZPréstamo en sala 001054708DSaGRbGRcHDd2013-05-13iLF1l0oRD861.44 V145pp14714-70r2020-06-25te. 5w2020-06-25yLFDSZPréstamo en sala 0010718PDaPDbPDcHDd2010-01-19iLF1l0oRD861.44 V145pp14714-10r2020-06-25w2020-06-25yLFPDZNo se presta 0010718PDaPDbPDcHDd2010-01-19iLF1l0oRD861.44 V145pp14714-20r2020-06-25te. 2w2020-06-25yLFPDZNo se presta c14297d14297